A history of the New Testament and its times / (Record no. 8071)

MARC details
000 -LEADER
fixed length control field 00990pam a2200277 a 4500
001 - CONTROL NUMBER
control field 2469545
003 - CONTROL NUMBER IDENTIFIER
control field GBCCL
005 - DATE AND TIME OF LATEST TRANSACTION
control field 20241126110642.0
008 - FIXED-LENGTH DATA ELEMENTS--GENERAL INFORMATION
fixed length control field 901107s1991 tnu b 001 0 eng
010 ## -
-- 90023791
020 ## - INTERNATIONAL STANDARD BOOK NUMBER
International Standard Book Number 0805413251 :
Terms of availability $19.95
040 ## - CATALOGING SOURCE
Original cataloging agency DLC
Transcribing agency DLC
Modifying agency DLC
050 00 -
-- BS2407
-- .C38 1991
082 00 - DEWEY DECIMAL CLASSIFICATION NUMBER
Classification number 225.95
Edition information 20
Item number CAT
100 1# - MAIN ENTRY--PERSONAL NAME
Personal name Cate, Robert L.
9 (RLIN) 14088
245 12 - TITLE STATEMENT
Title A history of the New Testament and its times /
Statement of responsibility, etc. Robert L. Cate.
260 ## - PUBLICATION, DISTRIBUTION, ETC.
Place of publication, distribution, etc. Nashville, Tenn. :
Name of publisher, distributor, etc. Broadman Press,
Date of publication, distribution, etc. c1991.
300 ## - PHYSICAL DESCRIPTION
Extent 348 p. ;
Dimensions 24 cm.
504 ## - BIBLIOGRAPHY, ETC. NOTE
Bibliography, etc. note Includes bibliographical references (p. [339]-341) and indexes.
630 00 - SUBJECT ADDED ENTRY--UNIFORM TITLE
Uniform title Bible.
Name of part/section of a work New Testament
General subdivision History of Biblical events.
9 (RLIN) 2473
630 00 - SUBJECT ADDED ENTRY--UNIFORM TITLE
Uniform title Bible.
Name of part/section of a work New Testament
General subdivision History of contemporary events.
9 (RLIN) 9091
630 00 - SUBJECT ADDED ENTRY--UNIFORM TITLE
Uniform title Bible.
Name of part/section of a work New Testament
Form subdivision Introductions.
9 (RLIN) 3504
906 ## - LOCAL DATA ELEMENT F, LDF (RLIN)
a 7
b cbc
c orignew
d 1
e ocip
f 19
g y-gencatlg
942 ## - ADDED ENTRY ELEMENTS (KOHA)
Source of classification or shelving scheme Dewey Decimal Classification
Koha item type Books
Koha issues (borrowed), all copies 27
Holdings
Withdrawn status Lost status Source of classification or shelving scheme Damaged status Not for loan Home library Current Library Shelving location Date acquired Source of acquisition Cost, normal purchase price Total checkouts Full call number Barcode Date last seen Date last checked out Copy number Cost, replacement price Price effective from Koha item type Total renewals
    Dewey Decimal Classification     GRACE BIBLE COLLEGE GRACE BIBLE COLLEGE Biblical Studies 2019-05-14 13 729.00 11 225.95 CAT 014399 2025-09-18 2025-09-17 c.1 729.00 2019-05-14 Books  
    Dewey Decimal Classification     GRACE BIBLE COLLEGE GRACE BIBLE COLLEGE Biblical Studies 2021-10-18     13 225.95 CAT 015243 2026-03-23 2026-03-17 c.3   2021-10-18 Books 4
    Dewey Decimal Classification     GRACE BIBLE COLLEGE GRACE BIBLE COLLEGE Biblical Studies 2021-11-04     9 225.95 CAT 015233 2025-09-17 2025-09-16 c.2   2021-11-04 Books  
© Grace Bible College Library 2025